00654nam a2200217Ia 450000500170000000800410001702000260005804000190008404100120010308200170011510000230013224500400015526000600019530000160025544000280027150400500029963000360034965000160038565100250040185000100042620220114115644.0131103s9999 xx 000 0 und d a0 19 5647661cRs. 200 aLoreto College aEnglish a320.954bCHA aChatterjee, Partha 2aA Possible IndiacPartha Chatterjee aNew DelhibOxford University Pressc1997(1999 printing) axii,301 p.  aOxford India paperbacks aIncludes bibliographical references and index aIndia - Politics and Government aPolitics -  aPolitical Science -  aLCLIB